=LDR 00000nam 2200000 4500 =001 INLIS000000000001924 =005 20130612090313 =008 ***********************************Ind** =035 ##$$0010-061300000001924 =041 ##$$a Ind =082 ##$$a 613.1 =090 ##$$a 613.1, Suk k =100 ##$$a Sukarni, Mariyati =245 ##$$a Kesehatan keluarga dan lingkungan, Mariyati Sukarni =260 ##$$a 21 cm $b Yogyakarta =300 ##$$a x,208 hlm, 21 cm =650 ##$$a Kesehatan Lingkungan =850 ##$$a NBPNMAT